Policjanci z serialu 13 Posterunek - Statystyki

Ogólne statystyki
  • Ten quiz został rozwiązany 226 razy
  • Średni wynik to 5 z 6
Statystyki odpowiedzi
Odpowiedz na Pytanie % Poprawnych
Cezary
97%
Kasia
95%
Komendant
80%
Stępień
80%
Arnold
70%
Luksus
52%
Nie znaleziono quizów pasujących do podanych kryteriów
Rozkład punktacji
Procent ludzi z każdym wynikiem
Percentyl według liczby udzielonych odpowiedzi
Twoja historia wyników
Nie rozwiązałeś tego quizu